The Logos story. (Record no. 16656)

000 -LEADER
fixed length control field 00476nam a2200169 a 4500
001 - CONTROL NUMBER
control field :::00019833$&:&@@
003 - CONTROL NUMBER IDENTIFIER
control field OkBaRHE
005 - DATE AND TIME OF LATEST TRANSACTION
control field 20011105135758.0
008 - FIXED-LENGTH DATA ELEMENTS--GENERAL INFORMATION
fixed length control field s1988 j 000 0 eng u
040 ## - CATALOGING SOURCE
Transcribing agency
100 1# - MAIN ENTRY--PERSONAL NAME
Personal name Rhoton, Elaine
245 14 - TITLE STATEMENT
Title The Logos story.
260 ## - PUBLICATION, DISTRIBUTION, ETC. (IMPRINT)
Place of publication, distribution, etc Waynesboro, GA
Name of publisher, distributor, etc OM Literature
Date of publication, distribution, etc 1988
300 ## - PHYSICAL DESCRIPTION
Extent 191 p.
942 ## - ADDED ENTRY ELEMENTS (KOHA)
Source of classification or shelving scheme
Koha item type Books
Copies
Full call number Source of classification or shelving scheme Withdrawn status Lost status Koha item type Damaged status Date last seen Shelving location Date acquired Barcode Not for loan Permanent Location Copy number Price effective from
BV 2064 .R4814   Books 2010-04-14General Stacks2010-04-1419833 RHEMA Bible Training College12010-04-14